[Event "UKR-ch sf"]
[Site "Alushta"]
[Date "2011.05.08"]
[Round "6"]
[White "Zubarev, Alexander2222"]
[Black "Stoockalov, Vladimir L"]
[Result "1-0"]
[WhiteElo "2600"]
[BlackElo "2262"]
[PlyCount "47"]
[EventDate "2011.05.03"]
[EventType "swiss"]
[EventRounds "9"]
[EventCountry "UKR"]
[SourceTitle "CBM 142 Extra"]
[Source "ChessBase"]
[SourceDate "2011.06.27"]
[SourceVersion "1"]
[SourceVersionDate "2011.06.27"]
[SourceQuality "1"]

1. e4 Nc6 2. Nf3 e5 3. Bb5 Nf6 4. 0-0 Nxe4 5. Re1 Nd6 6. Nxe5 Nxe5 7. Rxe5+ Be7 8. Bf1 0-0 9. d4 f5 10. Nc3 Bf6 11. Re1 Re8 12. Bf4 Rxe1 13. Qxe1 Qf8 14. Nd5 Bd8 15. Bxd6 cxd6 16. Bc4 Kh8 17. Qe3 b6 18. Re1 Bb7 19. Qe8 Bg5 20. Qxd7 Rb8 21. Nc7 Bf6 22. Re8 Rxe8 23. Nxe8 Be7 24. Nxd6 1-0

[Event "UKR-chT 17th"]
[Site "Alushta"]
[Date "2010.05.19"]
[Round "10.4"]
[White "Sitnikov, Anton"]
[Black "Stoockalov, Vladimir L"]
[Result "1-0"]
[WhiteElo "2480"]
[BlackElo "2280"]
[PlyCount "55"]
[EventDate "2010.05.13"]
[EventType "team-tourn"]
[EventRounds "11"]
[EventCountry "UKR"]
[SourceTitle "EXT 2019"]
[Source "ChessBase"]
[SourceDate "2018.10.10"]
[SourceVersion "1"]
[SourceVersionDate "2018.10.10"]
[SourceQuality "1"]
[WhiteTeam "Donetsk Adel"]
[BlackTeam "Pavlograd Tura"]
[WhiteTeamCountry "UKR"]
[BlackTeamCountry "UKR"]

1. d4 Nf6 2. Nf3 g6 3. Bf4 Bg7 4. e3 d6 5. h3 0-0 6. Be2 b6 7. 0-0 Bb7 8. c4 Nbd7 9. Nc3 Re8 10. Bh2 e5 11. Re1 a6 12. b4 e4 13. Nd2 d5 14. Qb3 c6 15. a4 a5 16. cxd5 axb4 17. dxc6 bxc3 18. cxd7 Qxd7 19. Nc4 Nd5 20. Nd6 Re6 21. Nxb7 Qxb7 22. Bc4 Rd8 23. a5 b5 24. a6 Qa8 25. Qxb5 c2 26. Bxd5 Rxd5 27. Qb8+ Rd8 28. a7 1-0

[Event "UKR-chT 17th"]
[Site "Alushta"]
[Date "2010.05.18"]
[Round "9.2"]
[White "Stoockalov, Vladimir L"]
[Black "Kononenko, Dmitry"]
[Result "0-1"]
[WhiteElo "2280"]
[BlackElo "2576"]
[PlyCount "100"]
[EventDate "2010.05.13"]
[EventType "team-tourn"]
[EventRounds "11"]
[EventCountry "UKR"]
[SourceTitle "EXT 2019"]
[Source "ChessBase"]
[SourceDate "2018.10.10"]
[SourceVersion "1"]
[SourceVersionDate "2018.10.10"]
[SourceQuality "1"]
[WhiteTeam "Pavlograd Tura"]
[BlackTeam "Rivne Bisons"]
[WhiteTeamCountry "UKR"]
[BlackTeamCountry "UKR"]

1. e4 c5 2. c3 d5 3. exd5 Qxd5 4. d4 Nf6 5. Nf3 e6 6. Na3 Be7 7. Be2 0-0 8. 0-0 Nc6 9. dxc5 Qxc5 10. Nc4 b5 11. b4 Qd5 12. Ncd2 Bb7 13. c4 bxc4 14. Bxc4 Qf5 15. a3 Nd5 16. Bxd5 Qxd5 17. Bb2 Rfd8 18. Qe2 Bf8 19. Rfe1 Ne7 20. Qe4 Rac8 21. Qxd5 Nxd5 22. Rac1 Rxc1 23. Bxc1 Nf4 24. Nf1 g5 25. h4 Nxg2 26. Kxg2 g4 27. N1h2 gxf3+ 28. Kh3 f6 29. Ng4 Kf7 30. Nh6+ Bxh6 31. Bxh6 Kg6 32. Be3 a6 33. Rg1+ Kh5 34. Rg7 Be4 35. Bc5 Rd1 36. Kh2 e5 37. Be7 Rf1 38. Bxf6 Rxf2+ 39. Kg1 Re2 40. Rg5+ Kxh4 41. Rg2+ Kh3 42. Rxe2 fxe2 43. Kf2 Bd3 44. Bxe5 h5 45. Bc3 Kg4 46. Bd2 Kf5 47. a4 Ke4 48. b5 axb5 49. a5 Bc4 50. Bb4 Kd3 0-1

[Event "UKR-chT qual. group 2 16th"]
[Site "Alushta"]
[Date "2009.05.24"]
[Round "4"]
[White "Korobov, Anton"]
[Black "Stoockalov, Vladimir L"]
[Result "1-0"]
[WhiteElo "2516"]
[BlackElo "2282"]
[PlyCount "51"]
[EventDate "2009.05.21"]
[EventType "team-tourn"]
[EventRounds "5"]
[EventCountry "UKR"]
[SourceTitle "EXT 2019"]
[Source "ChessBase"]
[SourceDate "2018.10.10"]
[SourceVersion "1"]
[SourceVersionDate "2018.10.10"]
[SourceQuality "1"]
[WhiteTeam "Kharkov Law Academy"]
[BlackTeam "Pavlograd Tura"]
[WhiteTeamCountry "UKR"]
[BlackTeamCountry "UKR"]

1. d4 Nf6 2. c4 g6 3. Nc3 Bg7 4. e4 d6 5. Nf3 0-0 6. Be2 e5 7. 0-0 Nc6 8. d5 Ne7 9. b4 Nh5 10. Re1 f5 11. Ng5 Nf6 12. f3 h6 13. Ne6 Bxe6 14. dxe6 c6 15. Be3 fxe4 16. fxe4 b6 17. Qd2 d5 18. cxd5 cxd5 19. exd5 Nfxd5 20. Rad1 Nxc3 21. Qxc3 Qc8 22. Qb3 Kh7 23. Rd7 Qe8 24. Rc1 Rc8 25. Rxc8 Nxc8 26. Bxh6 1-0

[Event "UKR-chT 15th"]
[Site "Alushta"]
[Date "2008.05.28"]
[Round "9.3"]
[White "Pavlov, Maxim"]
[Black "Stoockalov, Vladimir L"]
[Result "1-0"]
[WhiteElo "2342"]
[BlackElo "2295"]
[PlyCount "71"]
[EventDate "2008.05.21"]
[EventType "team-tourn"]
[EventRounds "9"]
[EventCountry "UKR"]
[SourceTitle "EXT 2019"]
[Source "ChessBase"]
[SourceDate "2018.10.10"]
[SourceVersion "1"]
[SourceVersionDate "2018.10.10"]
[SourceQuality "1"]
[WhiteTeam "Simferopol Burevisnyk"]
[BlackTeam "Simferopol Crimea"]
[WhiteTeamCountry "UKR"]
[BlackTeamCountry "UKR"]

1. e4 c5 2. Nf3 g6 3. d4 cxd4 4. Qxd4 Nf6 5. e5 Nc6 6. Qa4 Nd5 7. Qe4 Nc7 8. Nc3 Bg7 9. Bf4 b5 10. Bxb5 Nxb5 11. Nxb5 Qa5+ 12. Nc3 Rb8 13. 0-0 Rxb2 14. Nd5 0-0 15. c4 Ba6 16. Rac1 Qxa2 17. Nd4 Nxd4 18. Nxe7+ Kh8 19. Qxd4 Rc2 20. Rxc2 Qxc2 21. Rc1 Qe2 22. Nd5 d6 23. Ne3 dxe5 24. Bxe5 f6 25. Bd6 Re8 26. h3 f5 27. Qxa7 Qb2 28. Rf1 Bb7 29. Qa3 Qe2 30. Qb3 Be4 31. c5 Qa6 32. Qf7 Qa8 33. Be7 Qc6 34. Rd1 Be5 35. Nc4 Qa4 36. Nxe5 1-0

[Event "UKR-chT 15th"]
[Site "Alushta"]
[Date "2008.05.26"]
[Round "7.3"]
[White "Onischuk, Alexander"]
[Black "Stoockalov, Vladimir L"]
[Result "1-0"]
[WhiteElo "2664"]
[BlackElo "2295"]
[PlyCount "59"]
[EventDate "2008.05.21"]
[EventType "team-tourn"]
[EventRounds "9"]
[EventCountry "UKR"]
[SourceTitle "EXT 2019"]
[Source "ChessBase"]
[SourceDate "2018.10.10"]
[SourceVersion "1"]
[SourceVersionDate "2018.10.10"]
[SourceQuality "1"]
[WhiteTeam "Kiev Kievchess"]
[BlackTeam "Simferopol Crimea"]
[WhiteTeamCountry "UKR"]
[BlackTeamCountry "UKR"]

1. d4 Nf6 2. c4 g6 3. Nc3 Bg7 4. e4 d6 5. Nf3 0-0 6. Be2 e5 7. Be3 Ng4 8. Bg5 f6 9. Bc1 Nh6 10. dxe5 dxe5 11. Qxd8 Rxd8 12. Nd5 Nc6 13. Nxc7 Rb8 14. Nd5 Nf7 15. Be3 f5 16. Rd1 h6 17. exf5 gxf5 18. g3 Be6 19. 0-0 Rd7 20. b4 Rbd8 21. a3 b6 22. Nh4 Ng5 23. f4 exf4 24. Nxf4 Rxd1 25. Rxd1 Rxd1+ 26. Bxd1 Bxc4 27. Nxf5 Bf8 28. Ng6 Be6 29. Bg4 Nd4 30. Nxd4 1-0

[Event "UKR-chT 15th"]
[Site "Alushta"]
[Date "2008.05.22"]
[Round "2.2"]
[White "Vovk, Yuri"]
[Black "Stoockalov, Vladimir L"]
[Result "1-0"]
[WhiteElo "2549"]
[BlackElo "2295"]
[PlyCount "43"]
[EventDate "2008.05.21"]
[EventType "team-tourn"]
[EventRounds "9"]
[EventCountry "UKR"]
[SourceTitle "EXT 2019"]
[Source "ChessBase"]
[SourceDate "2018.10.10"]
[SourceVersion "1"]
[SourceVersionDate "2018.10.10"]
[SourceQuality "1"]
[WhiteTeam "Lwiw Ivan Franko University"]
[BlackTeam "Simferopol Crimea"]
[WhiteTeamCountry "UKR"]
[BlackTeamCountry "UKR"]

1. d4 Nf6 2. c4 g6 3. Nc3 d6 4. e4 Bg7 5. f4 0-0 6. Nf3 Na6 7. Be2 e5 8. dxe5 dxe5 9. Nxe5 Nc5 10. Bf3 Qxd1+ 11. Kxd1 Rd8+ 12. Kc2 Nfxe4 13. Nxe4 Bf5 14. Re1 Rd4 15. Be3 Rxe4 16. Bxe4 Bxe4+ 17. Kd2 Nd3 18. Nxd3 Rd8 19. Rad1 Rxd3+ 20. Kc1 Rxd1+ 21. Rxd1 Bf6 22. g3 1-0

[Event "UKR-ch qual"]
[Site "Alushta"]
[Date "2007.05.17"]
[Round "7"]
[White "Stoockalov, Vladimir L"]
[Black "Strygin, Alexandr"]
[Result "1-0"]
[WhiteElo "2304"]
[BlackElo "1894"]
[PlyCount "101"]
[EventDate "2007.05.11"]
[EventType "swiss"]
[EventRounds "9"]
[EventCountry "UKR"]
[SourceTitle "EXT 2008"]
[Source "ChessBase"]
[SourceDate "2007.11.25"]
[SourceVersion "1"]
[SourceVersionDate "2007.11.25"]
[SourceQuality "1"]

1. e4 c5 2. c3 d5 3. exd5 Qxd5 4. d4 Nf6 5. Nf3 Bg4 6. Be2 e6 7. h3 Bh5 8. 0-0 Nc6 9. Na3 a6 10. Qa4 Be7 11. dxc5 Qxc5 12. Be3 Qa5 13. Qb3 b5 14. c4 Bxa3 15. bxa3 b4 16. axb4 Qxb4 17. g4 Bg6 18. Nd2 Qd6 19. c5 Qc7 20. Nc4 0-0 21. Nb6 Ra7 22. Rad1 Be4 23. Rd2 Nd5 24. Nxd5 Bxd5 25. Qc3 f5 26. gxf5 Rxf5 27. Bg4 Rf6 28. Bg5 Rg6 29. Bh4 Qe5 30. Qd3 Qh5 31. Qg3 Qh6 32. Rb2 e5 33. Rd1 Nd4 34. Rxd4 Qc1+ 35. Rd1 Qxb2 36. Rxd5 Ra8 37. Qd3 Qc1+ 38. Kg2 Rf8 39. Rd8 Qf4 40. Bg3 Qf6 41. Qd5+ Kh8 42. Rxf8+ Qxf8 43. Qxe5 Rc6 44. Qd4 Rxc5 45. Bd6 Qa8+ 46. Bf3 Rg5+ 47. Bg3 Qf8 48. h4 Rb5 49. h5 Qf6 50. Qa7 Rf5 51. Be4 1-0

[Event "UKR-ch qual"]
[Site "Alushta"]
[Date "2007.05.16"]
[Round "6"]
[White "Kobal, Vladimir"]
[Black "Stoockalov, Vladimir L"]
[Result "1-0"]
[WhiteElo "2173"]
[BlackElo "2304"]
[PlyCount "155"]
[EventDate "2007.05.11"]
[EventType "swiss"]
[EventRounds "9"]
[EventCountry "UKR"]
[SourceTitle "EXT 2008"]
[Source "ChessBase"]
[SourceDate "2007.11.25"]
[SourceVersion "1"]
[SourceVersionDate "2007.11.25"]
[SourceQuality "1"]

1. e4 Nc6 2. Nf3 d5 3. exd5 Qxd5 4. Nc3 Qa5 5. d4 Bg4 6. Bb5 0-0-0 7. Bxc6 bxc6 8. h3 Qh5 9. Qd3 Bxf3 10. gxf3 e5 11. Qa6+ Kd7 12. Qd3 Kc8 13. Qa6+ Kb8 14. d5 cxd5 15. Be3 d4 16. 0-0-0 Bc5 17. Qb5+ Bb6 18. Bxd4 Nf6 19. Bxe5 Qxf3 20. a4 Qb7 21. Bxf6 gxf6 22. Rxd8+ Rxd8 23. Rd1 Rxd1+ 24. Nxd1 Bd4 25. Qxb7+ Kxb7 26. c3 Be5 27. Kd2 Kc6 28. Kd3 Kd5 29. Ne3+ Kd6 30. Ke4 Ke6 31. Nf5 c5 32. Ne3 Bh2 33. f4 Bg3 34. f5+ Kd6 35. Ng4 Bh4 36. Nh6 Kc6 37. Nxf7 h5 38. Nd8+ Kd6 39. Nb7+ Kc6 40. Na5+ Kd6 41. Nc4+ Kc6 42. Ne3 Bg5 43. Nd5 Kd6 44. b4 cxb4 45. cxb4 a6 46. Nf4 h4 47. Nd3 Bd2 48. Kd4 Kc6 49. Kc4 Be3 50. Ne1 Kd6 51. Nf3 Bf2 52. b5 a5 53. Nh2 Bb6 54. Ng4 Bd8 55. Kd4 Bb6+ 56. Kd3 Bd8 57. Kc4 Be7 58. b6 Kc6 59. b7 Kxb7 60. Kd5 Kb6 61. Ne3 Bb4 62. Nc4+ Kc7 63. Nb2 Kd7 64. Nd3 Bd6 65. Nf2 Bb4 66. Ne4 Ke7 67. Kc6 Be1 68. Nc5 Bd2 69. Nb7 Be1 70. Kb5 Kd7 71. Nxa5 Kd6 72. Nc6 Kd5 73. Ne7+ Ke4 74. a5 Bxa5 75. Kxa5 Kf4 76. Kb4 Kg3 77. Nd5 Kxh3 78. Nxf6 1-0

[Event "UKR-ch qual"]
[Site "Alushta"]
[Date "2007.05.13"]
[Round "3"]
[White "Molchanov, Alexey"]
[Black "Stoockalov, Vladimir L"]
[Result "1/2-1/2"]
[WhiteElo "2147"]
[BlackElo "2304"]
[PlyCount "69"]
[EventDate "2007.05.11"]
[EventType "swiss"]
[EventRounds "9"]
[EventCountry "UKR"]
[SourceTitle "EXT 2008"]
[Source "ChessBase"]
[SourceDate "2007.11.25"]
[SourceVersion "1"]
[SourceVersionDate "2007.11.25"]
[SourceQuality "1"]

1. c4 Nf6 2. g3 g6 3. Bg2 Bg7 4. Nc3 0-0 5. e3 d6 6. Nge2 Nc6 7. 0-0 a6 8. Rb1 Bf5 9. d3 Qd7 10. Nf4 e5 11. Nfd5 Rab8 12. b4 Nxd5 13. cxd5 Ne7 14. e4 Bh3 15. Be3 Bxg2 16. Kxg2 f5 17. f3 f4 18. Bf2 g5 19. g4 c6 20. Qb3 Kh8 21. h4 cxd5 22. Nxd5 Nxd5 23. Qxd5 gxh4 24. Bxh4 Rbc8 25. Rbc1 Rc6 26. Rc4 Bf6 27. Bf2 Kg7 28. Rh1 Rfc8 29. a4 h6 30. b5 axb5 31. Qxb5 Qf7 32. Rhc1 h5 33. gxh5 Rxc4 34. Rxc4 Rxc4 35. Qxc4 1/2-1/2

[Event "UKR-ch qual"]
[Site "Alushta"]
[Date "2007.05.12"]
[Round "2"]
[White "Stoockalov, Vladimir L"]
[Black "Shkuro, Iuri"]
[Result "0-1"]
[WhiteElo "2304"]
[BlackElo "2463"]
[PlyCount "166"]
[EventDate "2007.05.11"]
[EventType "swiss"]
[EventRounds "9"]
[EventCountry "UKR"]
[SourceTitle "EXT 2008"]
[Source "ChessBase"]
[SourceDate "2007.11.25"]
[SourceVersion "1"]
[SourceVersionDate "2007.11.25"]
[SourceQuality "1"]

1. e4 Nc6 2. Nc3 e6 3. g3 Bb4 4. Nge2 Nge7 5. Bg2 0-0 6. 0-0 d6 7. a3 Ba5 8. b4 Bb6 9. Na4 e5 10. b5 Nb8 11. Nxb6 axb6 12. h3 f5 13. exf5 Nxf5 14. d4 exd4 15. Nxd4 Qf6 16. c3 Kh8 17. Bb2 Nd7 18. Nxf5 Qxf5 19. c4 Nc5 20. Qd4 Qg6 21. Rad1 Be6 22. Rfe1 Rf7 23. Re2 h6 24. Rde1 Raf8 25. Kh2 Rf6 26. f4 Qf7 27. Bd5 Bxd5 28. Re7 Qg6 29. Qxd5 R6f7 30. R7e3 Qf5 31. Qd2 Qd7 32. R1e2 Qf5 33. Kg2 Kg8 34. Qd1 h5 35. h4 Rd7 36. Rd2 Qg6 37. Rd5 Rf5 38. Rxf5 Qxf5 39. Qe2 Rf7 40. Bd4 Nd7 41. Bc3 Nf8 42. Rd3 Qe6 43. Re3 Qg6 44. a4 Rxf4 45. Re7 Rf7 46. Re8 Kh7 47. a5 bxa5 48. Bxa5 b6 49. Bd2 Nd7 50. Bg5 Ne5 51. Re7 Rxe7 52. Bxe7 Qf7 53. Qe4+ g6 54. Bd8 Nxc4 55. Qf4 Qxf4 56. gxf4 Kg8 57. Kf3 Kf7 58. Bxc7 Ke6 59. Ke4 d5+ 60. Kd4 Na3 61. Bxb6 Nxb5+ 62. Ke3 Kf5 63. Kf3 Nc3 64. Ke3 Ne4 65. Bd8 Nd6 66. Kd4 Ke6 67. Ke3 Nf5+ 68. Kd3 Kd7 69. Bg5 Kc6 70. Bd8 Kc5 71. Bf6 Kd6 72. Bd8 Ng3 73. Kd4 Ke6 74. Bg5 Ne4 75. Bd8 Nd2 76. Ke3 Nb3 77. Kf3 Kf5 78. Bb6 d4 79. Bd8 d3 80. Bg5 d2 81. Ke2 Kg4 82. Bh6 Kf5 83. Kd1 Kg4 0-1

[Event "UKR-chT 13th"]
[Site "Alushta"]
[Date "2006.04.20"]
[Round "6.1"]
[White "Stoockalov, Vladimir L"]
[Black "Korobov, Anton"]
[Result "0-1"]
[WhiteElo "2302"]
[BlackElo "2543"]
[PlyCount "58"]
[EventDate "2006.04.15"]
[EventType "team-tourn"]
[EventRounds "9"]
[EventCountry "UKR"]
[SourceTitle "EXT 2019"]
[Source "ChessBase"]
[SourceDate "2018.10.10"]
[SourceVersion "1"]
[SourceVersionDate "2018.10.10"]
[SourceQuality "1"]
[WhiteTeam "Pavlograd Tura"]
[BlackTeam "Simferopol Taurida National Univ"]
[WhiteTeamCountry "UKR"]
[BlackTeamCountry "UKR"]

1. e4 c5 2. c3 e6 3. d4 d5 4. e5 Nc6 5. Nf3 Bd7 6. dxc5 Bxc5 7. Bd3 Nge7 8. 0-0 Ng6 9. Re1 0-0 10. Nbd2 Qb6 11. Rf1 Ncxe5 12. Nxe5 Nxe5 13. Bxh7+ Kxh7 14. Qh5+ Kg8 15. Qxe5 Bb5 16. c4 Bd4 17. Qg3 Bxc4 18. Re1 Bf6 19. Nf3 Bd3 20. Ne5 Bf5 21. Nd7 Qd8 22. Nxf8 Qxf8 23. Qb3 Rc8 24. Re2 Qc5 25. h3 Bc2 26. Qxb7 d4 27. Bd2 Qc6 28. Qb4 d3 29. Re4 a5 0-1

[Event "UKR-chT 8th"]
[Site "Alushta"]
[Date "2000.04.17"]
[Round "8"]
[White "Stoockalov, Vladimir L"]
[Black "Savchenko, Stanislav"]
[Result "0-1"]
[WhiteElo "2398"]
[BlackElo "2574"]
[PlyCount "62"]
[EventDate "2000.04.10"]
[EventType "team-swiss"]
[EventRounds "9"]
[EventCountry "UKR"]
[SourceTitle "EXT 2019"]
[Source "ChessBase"]
[SourceDate "2018.10.10"]
[SourceVersion "1"]
[SourceVersionDate "2018.10.10"]
[SourceQuality "1"]
[WhiteTeam "Pavlograd Tura"]
[BlackTeam "Danko-Donbass Donetsk"]
[WhiteTeamCountry "UKR"]
[BlackTeamCountry "UKR"]

1. e4 e6 2. d4 d5 3. e5 c5 4. c3 Nc6 5. Nf3 Bd7 6. Be2 Nge7 7. Na3 cxd4 8. cxd4 Nf5 9. Nc2 Qb6 10. 0-0 Rc8 11. Qd3 h5 12. Bd2 a5 13. a4 Be7 14. Bc3 g5 15. Rfb1 g4 16. Nfe1 f6 17. exf6 Bxf6 18. Rd1 Kf7 19. Qd2 Qc7 20. Bb5 b6 21. Bxc6 Bxc6 22. Nd3 Kg7 23. Re1 Qf7 24. Ne5 Bxe5 25. Rxe5 Rh6 26. Ne3 Nh4 27. Nf1 Ng6 28. Qg5 Rf8 29. Be1 Kh7 30. Re2 Nf4 31. Rc2 Nh3+ 0-1

[Event "UKR-chT 7th"]
[Site "Alushta"]
[Date "1999.04.??"]
[Round "6"]
[White "Alekseev, Andrey"]
[Black "Stoockalov, Vladimir L"]
[Result "1/2-1/2"]
[WhiteElo "2340"]
[BlackElo "2445"]
[PlyCount "129"]
[EventDate "1999.04.03"]
[EventType "team-swiss"]
[EventRounds "10"]
[EventCountry "UKR"]
[SourceTitle "EXT 2019"]
[Source "ChessBase"]
[SourceDate "2018.10.10"]
[SourceVersion "1"]
[SourceVersionDate "2018.10.10"]
[SourceQuality "1"]
[WhiteTeam "Simferopol Blik"]
[BlackTeam "Pavlograd Tura"]
[WhiteTeamCountry "UKR"]
[BlackTeamCountry "UKR"]

1. e4 Nc6 2. Nf3 e5 3. Nc3 Bb4 4. Nd5 Bc5 5. c3 Nf6 6. d4 exd4 7. cxd4 Nxd5 8. exd5 Bb4+ 9. Bd2 Bxd2+ 10. Qxd2 Ne7 11. Bc4 0-0 12. 0-0 d6 13. Rac1 Bd7 14. Rfe1 a5 15. a3 a4 16. Ba2 Ng6 17. Bb1 c6 18. dxc6 bxc6 19. Be4 Qb6 20. Rc2 Rfe8 21. Qc1 Rac8 22. h3 Qb5 23. Rc3 h6 24. Bxg6 fxg6 25. Rce3 Rxe3 26. Rxe3 Re8 27. Rxe8+ Bxe8 28. Nd2 Qg5 29. Qc3 Bf7 30. Nc4 Qf6 31. Nb6 Bb3 32. Nd7 Qe7 33. Qxc6 Kh7 34. Nb6 h5 35. Nc8 Qe6 36. Nxd6 Qe1+ 37. Kh2 Qxf2 38. Ne4 Qf4+ 39. Kg1 Qe3+ 40. Kh1 Bf7 41. Nd6 Be6 42. Qe4 Qb3 43. Qe5 Bd5 44. Kh2 Bc6 45. Qc5 Ba8 46. Nc4 h4 47. Qg5 Qxc4 48. Qxh4+ Kg8 49. Qd8+ Kh7 50. Qxa8 Qxd4 51. Qb8 Qd1 52. Qe5 Qb3 53. Qd4 Qc2 54. Kg3 Qc7+ 55. Kg4 Qc8+ 56. Kf3 Qc6+ 57. Kg3 Qc7+ 58. Qf4 Qc2 59. Qe5 Qd3+ 60. Kh2 Qd1 61. h4 Qg4 62. g3 Qf3 63. Qf4 Qe2+ 64. Kh3 Qd1 65. Kg2 1/2-1/2

[Event "UKR-chT 7th"]
[Site "Alushta"]
[Date "1999.04.??"]
[Round "9"]
[White "Kruppa, Yuri"]
[Black "Stoockalov, Vladimir L"]
[Result "1-0"]
[WhiteElo "2561"]
[BlackElo "2445"]
[PlyCount "63"]
[EventDate "1999.04.03"]
[EventType "team-swiss"]
[EventRounds "10"]
[EventCountry "UKR"]
[SourceTitle "EXT 2019"]
[Source "ChessBase"]
[SourceDate "2018.10.10"]
[SourceVersion "1"]
[SourceVersionDate "2018.10.10"]
[SourceQuality "1"]
[WhiteTeam "Danko-Donbass Donetsk"]
[BlackTeam "Pavlograd Tura"]
[WhiteTeamCountry "UKR"]
[BlackTeamCountry "UKR"]

1. d4 Nf6 2. c4 g6 3. Nc3 Bg7 4. e4 d6 5. Nf3 0-0 6. Be2 Na6 7. Be3 e5 8. d5 Nc5 9. Nd2 a5 10. a3 Ne8 11. b4 axb4 12. axb4 Rxa1 13. Qxa1 Na6 14. Qa3 f5 15. Nb3 Nf6 16. c5 Nxe4 17. Nxe4 fxe4 18. c6 bxc6 19. dxc6 Nc5 20. Nxc5 dxc5 21. Bxc5 Rf6 22. 0-0 Bf8 23. Rd1 Qe8 24. b5 Be6 25. Qc3 Bxc5 26. Qxc5 Rf7 27. Qxe5 Re7 28. Qc5 e3 29. f4 h5 30. Qg5 Bf5 31. h3 Qf7 32. Bc4 1-0

[Event "Golden Cleopatra"]
[Site "Cairo"]
[Date "1998.03.12"]
[Round "2"]
[White "Stoockalov, Vladimir L"]
[Black "Hassan, Sayed Barakat"]
[Result "0-1"]
[WhiteElo "2470"]
[BlackElo "2325"]
[PlyCount "106"]
[EventDate "1998.??.??"]
[EventType "schev"]
[EventRounds "10"]
[EventCountry "EGY"]
[SourceTitle "EXT 1999"]
[Source "ChessBase"]
[SourceDate "1998.11.16"]
[SourceVersion "1"]
[SourceVersionDate "1998.11.16"]
[SourceQuality "1"]

1. e4 e6 2. d4 d5 3. e5 c5 4. c3 Bd7 5. Nf3 Nc6 6. Be2 Nge7 7. Na3 cxd4 8. cxd4 Nf5 9. Nc2 Nb4 10. 0-0 Nxc2 11. Qxc2 Qb6 12. Qd3 a6 13. a4 Rc8 14. Bd2 h5 15. Rfb1 Be7 16. b4 g5 17. b5 g4 18. bxa6 Qxa6 19. Qxa6 bxa6 20. Ne1 Nxd4 21. Bxa6 Ra8 22. Bd3 Rxa4 23. Rb8+ Bd8 24. Rxa4 Bxa4 25. Rb4 Nb3 26. Bf4 Nc5 27. Rxa4 Nxa4 28. Bb5+ Kf8 29. Bxa4 Kg7 30. Nd3 Bb6 31. Bd1 Ra8 32. Be2 Ra1+ 33. Bf1 h4 34. Bg5 g3 35. hxg3 hxg3 36. Bh4 gxf2+ 37. Bxf2 Bxf2+ 38. Kxf2 f6 39. Be2 fxe5 40. Nxe5 Kf6 41. Ng4+ Kg5 42. Bf3 Kf4 43. Ke2 Ra2+ 44. Kd1 d4 45. Kc1 d3 46. Kb1 Rc2 47. Nf6 Rc4 48. Ng4 Rc2 49. Nf6 Ke3 50. Ne4 Rc4 51. Ng5 e5 52. Kb2 d2 53. Nf7 e4 0-1

[Event "Golden Cleopatra"]
[Site "Cairo"]
[Date "1998.03.11"]
[Round "1"]
[White "Labib, Ibrahim Hasan"]
[Black "Stoockalov, Vladimir L"]
[Result "1-0"]
[WhiteElo "2305"]
[BlackElo "2470"]
[PlyCount "99"]
[EventDate "1998.??.??"]
[EventType "schev"]
[EventRounds "10"]
[EventCountry "EGY"]
[SourceTitle "EXT 1999"]
[Source "ChessBase"]
[SourceDate "1998.11.16"]
[SourceVersion "1"]
[SourceVersionDate "1998.11.16"]
[SourceQuality "1"]

1. e4 Nc6 2. Nf3 d6 3. d4 Nf6 4. Bd3 Bg4 5. c3 Bxf3 6. Qxf3 g6 7. Bb5 e5 8. dxe5 dxe5 9. 0-0 Bg7 10. Rd1 Qc8 11. Bg5 Qe6 12. Na3 0-0 13. Bc4 Qe7 14. Nc2 h6 15. Bh4 g5 16. Bg3 Rfd8 17. Ne3 Rxd1+ 18. Rxd1 Rd8 19. Nf5 Rxd1+ 20. Qxd1 Qc5 21. Qd3 a5 22. a3 a4 23. Ba2 b5 24. Kf1 Bf8 25. f3 Ne7 26. Bf2 Qc6 27. Ne3 Ne8 28. Ng4 Bg7 29. Qd8 Kf8 30. h4 Qd6 31. Qxd6 Nxd6 32. hxg5 hxg5 33. Ne3 c6 34. c4 Ke8 35. cxb5 cxb5 36. Nd1 Kd7 37. Bc5 Nec8 38. Nc3 Bf8 39. Nxb5 Nxb5 40. Bxf8 Ncd6 41. Bg7 g4 42. Bxe5 gxf3 43. gxf3 f5 44. exf5 Nxf5 45. Kf2 Kc6 46. f4 Nbd4 47. Bf7 Kc5 48. Be8 Nb5 49. Kf3 Kc4 50. Bxb5+ 1-0